|
|
|
|
| LEADER |
01085nam a2200349 4500 |
| 001 |
DLU140162020 |
| 005 |
##20140609 |
| 020 |
# |
# |
|a 9786049021107
|
| 040 |
# |
# |
|a DLU
|b vie
|
| 041 |
# |
# |
|a vie
|
| 044 |
# |
# |
|a vn
|
| 082 |
# |
# |
|a 959.703
|b Dai
|
| 245 |
# |
# |
|a Đại Việt sử ký toàn thư.
|n t.II :
|b Bản in Nội các quan bản. Mộc bản khắc năm chính hoà thứ 18 (1697) /
|c Hoàng Văn Lâu dịch, chú thích; Hà Văn Tấn hiệu đính.
|
| 260 |
# |
# |
|a H. :
|b Khoa học Xã hội,
|c 1998.
|
| 300 |
# |
# |
|a 526 tr. ;
|c 27 cm.
|
| 651 |
# |
# |
|a Việt Nam
|x Lịch sử
|y 939-1428.
|
| 651 |
# |
# |
|a Việt Nam
|x Lịch sử
|y Đến năm 939.
|
| 651 |
# |
# |
|a Việt Nam
|x Lịch sử
|y Triều đại hậu Lê, 1428-1787.
|
| 700 |
# |
# |
|a Hà Văn Tấn,
|e hiệu đính.
|
| 700 |
# |
# |
|a Hoàng Văn Lâu,
|e dịch, chú thích.
|
| 923 |
# |
# |
|a 01/2014LS
|
| 990 |
# |
# |
|a t.II
|
| 991 |
# |
# |
|a SH
|
| 992 |
# |
# |
|a 0
|
| 994 |
# |
# |
|a KLS
|
| 900 |
# |
# |
|a True
|
| 911 |
# |
# |
|a Đào Thị Thu Huyền
|
| 925 |
# |
# |
|a G
|
| 926 |
# |
# |
|a A
|
| 927 |
# |
# |
|a SH
|
| 980 |
# |
# |
|a Thư viện Trường Đại học Đà Lạt
|